| 000 | 00816cam a22002893a 4500 | ||
|---|---|---|---|
| 001 | 1874 | ||
| 003 | PGUSA | ||
| 005 | 20140828083007.0 | ||
| 008 | 990801s1999||||xxu|||||s|||||000 1 eng d | ||
| 040 |
_aPGUSA _beng |
||
| 042 | _adc | ||
| 050 | 4 | _aPR | |
| 050 | 4 | _aPZ | |
| 100 | 1 |
_aNesbit, E. _q(Edith), _d1858-1924 |
|
| 245 | 1 | 4 |
_aThe Railway Children _h[electronic resource] / _cE. Nesbit |
| 260 |
_bProject Gutenberg, _c1999 |
||
| 506 | _aPublic domain in the USA. | ||
| 516 | _aElectronic text | ||
| 653 | _aEngland -- Fiction | ||
| 653 | _aBrothers and sisters -- Fiction | ||
| 653 | _aCountry life -- England -- Fiction | ||
| 653 | _aRailroads -- Fiction | ||
| 653 | _aFamily life -- Fiction | ||
| 830 | 0 |
_aProject Gutenberg _v1874 |
|
| 856 | 4 | 0 | _uhttp://www.gutenberg.org/ebooks/1874 |
| 942 | _cEB | ||
| 999 |
_c231217 _d231217 |
||